| 000 | 00403nam a22001697a 4500 | ||
|---|---|---|---|
| 005 | 20160514155339.0 | ||
| 008 | 160514b xxu||||| |||| 00| 0 eng d | ||
| 020 | _a81-7036-701-8 | ||
| 041 | _aeng | ||
| 082 | _b2424 | ||
| 100 |
_aU.Nilkant S. Ramnarayan _9654 |
||
| 245 | _aManaging Organisational Change | ||
| 260 |
_bReranse books _c2003 |
||
| 300 | _a371 | ||
| 650 |
_aManagement _9241 |
||
| 942 | _cBK | ||
| 999 |
_c859 _d859 |
||